000 00460nam a2200193Ia 4500
005 20240823005143.0
008 240823s9999||||xx |||||||||||||| ||und||
041 _aENGLISH
082 _A330.954 N7
100 _a"Datt,Ruddar"
245 0 _aIndian Economy
250 _a37th
260 _c1997
_b"S Chand,New Delhi"
500 _aTRANSFERED
650 _aManagement
_bManagement Studies
700 _a Sundharam K P M
942 _cBK
999 _c154905
_d154905